Statistics for Lande Tættest på Danmark

Click here to take the quiz!

General Stats

  • This quiz has been taken 1.941 times
    (1.936 since last reset)
  • The average score is 16 of 22

Answer Stats

kmLandmiles% Correct
4Sverige2
99%
0Tyskland0
99%
110Norge68
98%
612Finland380
90%
94Polen59
90%
200Holland124
89%
587Frankrig365
85%
450Belgien280
84%
523Estland325
78%
385Letland239
77%
285Island177
76%
296Rusland184
76%
651Østrig405
75%
516Storbritannien320
65%
368Litauen229
61%
421Tjekkiet251
60%
781Schweiz421
58%
555Luxembourg345
50%
554Hviderusland344
44%
26Canada16
43%
656Slovakiet408
43%
678Ukraine416
41%

Score Distribution

Percentile by Number Answered

Percent of People with Each Score

Your Score History

You have not taken this quiz since the last reset